NTR : A Biography (Record no. 47129)

MARC details
000 -LEADER
fixed length control field 00775nam a22001937a 4500
005 - DATE AND TIME OF LATEST TRANSACTION
control field 20251218150755.0
008 - FIXED-LENGTH DATA ELEMENTS--GENERAL INFORMATION
fixed length control field 251218b |||||||| |||| 00| 0 eng d
020 ## - INTERNATIONAL STANDARD BOOK NUMBER
International Standard Book Number 9788194003106
040 ## - CATALOGING SOURCE
Transcribing agency VITAP
082 ## - DEWEY DECIMAL CLASSIFICATION NUMBER
Edition number 23rd Ed.
Classification number 923.2 CHA
100 ## - MAIN ENTRY--PERSONAL NAME
Personal name Chandrahas, K.
9 (RLIN) 16793
245 ## - TITLE STATEMENT
Title NTR : A Biography
Statement of responsibility, etc. / K. Chandrahas and K. Lakshminarayana
260 ## - PUBLICATION, DISTRIBUTION, ETC.
Place of publication, distribution, etc. Hyderabad
Name of publisher, distributor, etc. CLS Publishers LLP
300 ## - PHYSICAL DESCRIPTION
Extent 636p. : ill. ; 24cm
500 ## - GENERAL NOTE
General note It includes Index Pages.
650 #0 - SUBJECT ADDED ENTRY--TOPICAL TERM
Topical term or geographic name entry element Rama Rao, N. T. 1923-1996 (Nandamuri Taraka); Politicians -- Biography -- India -- Andhra Pradesh; Motion picture actors and actresses -- Biography -- 20th century -- India; Andhra Pradesh (India) -- Politics and Government
9 (RLIN) 16794
700 ## - ADDED ENTRY--PERSONAL NAME
Personal name Lakshminarayana, K.
9 (RLIN) 16796
942 ## - ADDED ENTRY ELEMENTS (KOHA)
Source of classification or shelving scheme Dewey Decimal Classification
Koha item type Reference Book
Holdings
Withdrawn status Lost status Source of classification or shelving scheme Materials specified (bound volume or other part) Damaged status Not for loan Collection code Home library Current library Shelving location Date acquired Source of acquisition Cost, normal purchase price Inventory number Total Checkouts Full call number Barcode Date last seen Cost, replacement price Price effective from Koha item type Public note
    Dewey Decimal Classification Hard Bound     Reference School of Business & General Section VIT-AP Reference 2025-12-18 Donated by Dr. K. Lakshminarayana IAS (Retd.) 0.00 Donated by Dr. K. Lakshminarayana IAS (Retd.)   923.2 CHA 025035 2025-12-18 0.00 2025-12-18 Reference Book GEN

Visitor Number: